Bogotá y sus modalidades de ocupación del suelo : (Registro nro. 3950)
[ vista simple ]
| 000 -LEADER | |
|---|---|
| fixed length control field | 01439nam a2200277Ia 4500 |
| 003 - CONTROL NUMBER IDENTIFIER | |
| control field | OSt |
| 005 - DATE AND TIME OF LATEST TRANSACTION | |
| control field | 20200514130150.0 |
| 008 - FIXED-LENGTH DATA ELEMENTS--GENERAL INFORMATION | |
| fixed length control field | 191128s2006 ck ad gr 000 0dspa d |
| 020 ## - INTERNATIONAL STANDARD BOOK NUMBER | |
| International Standard Book Number | 9587016769 |
| 040 ## - CATALOGING SOURCE | |
| Original cataloging agency | CO-JMCR |
| Transcribing agency | CO-JMCR |
| 041 0# - LANGUAGE CODE | |
| Language code of text/sound track or separate title | spa |
| 082 04 - DEWEY DECIMAL CLASSIFICATION NUMBER | |
| Classification number | 307.76 / |
| Item number | R579b |
| Edition number | 23 |
| 100 1# - MAIN ENTRY--PERSONAL NAME | |
| Personal name | Rincón Avellaneda, Patricia, |
| Relator term | autora |
| 9 (RLIN) | 3983 |
| 245 10 - TITLE STATEMENT | |
| Title | Bogotá y sus modalidades de ocupación del suelo : |
| Remainder of title | análisis de los procesos de re-densificación / |
| Statement of responsibility, etc. | Patricia Rincón Avellaneda |
| 260 ## - PUBLICATION, DISTRIBUTION, ETC. | |
| Place of publication, distribution, etc. | Bogotá : |
| Name of publisher, distributor, etc. | Universidad Nacional de Colombia, |
| Date of publication, distribution, etc. | 2006 |
| 300 ## - PHYSICAL DESCRIPTION | |
| Extent | 229 páginas : |
| Other physical details | ilustraciones, gráficas ; |
| Dimensions | 21 cm. |
| 300 ## - PHYSICAL DESCRIPTION | |
| Dimensions | 21 cm |
| 490 0# - SERIES STATEMENT | |
| Series statement | Punto aparte |
| 504 ## - BIBLIOGRAPHY, ETC. NOTE | |
| Bibliography, etc. note | Bibliografía: páginas 224-229. |
| 505 ## - FORMATTED CONTENTS NOTE | |
| Formatted contents note | Discusiones relativas al modelo de desarrollo, los modelos urbanos y la renovación urbana -- La problemática de Bogotá -- Dinámicas urbanas, modalidades de redensificación |
| 520 ## - SUMMARY, ETC. | |
| Summary, etc. | La investigación elaborada por la arquitecta Patricia Rincón hace una contribución importante para adelantar un debate informado y crucial para Bogotá. ¿Cómo localizar y en que condiciones a la población urbana? Su trabajo investiga las modalidades. |
| 650 14 - SUBJECT ADDED ENTRY--TOPICAL TERM | |
| Topical term or geographic name entry element | Desarrollo urbano |
| General subdivision | Aspectos sociales |
| Geographic subdivision | Bogotá (Colombia) |
| 9 (RLIN) | 4349 |
| 650 24 - SUBJECT ADDED ENTRY--TOPICAL TERM | |
| Topical term or geographic name entry element | Ordenamiento territorial |
| Geographic subdivision | Bogotá (Colombia) |
| 9 (RLIN) | 4350 |
| 650 24 - SUBJECT ADDED ENTRY--TOPICAL TERM | |
| Topical term or geographic name entry element | Modelos de crecimiento de la población |
| Geographic subdivision | Bogotá (Colombia) |
| 9 (RLIN) | 4351 |
| 942 ## - ADDED ENTRY ELEMENTS (KOHA) | |
| Source of classification or shelving scheme | Dewey Decimal Classification |
| Koha item type | Books |
| Withdrawn status | Lost status | Source of classification or shelving scheme | Materials specified (bound volume or other part) | Damaged status | Not for loan | Home library | Current library | Shelving location | Date acquired | Source of acquisition | Cost, normal purchase price | Total Checkouts | Full call number | Barcode | Date last seen | Copy number | Price effective from | Koha item type |
|---|---|---|---|---|---|---|---|---|---|---|---|---|---|---|---|---|---|---|
| Dewey Decimal Classification | Donación--22/07/2018-- | Biblioteca Pública José María del Castillo y Rada | Biblioteca Pública José María del Castillo y Rada | General Stacks | 11/28/2019 | Donación | 0.00 | 307.76 / R579b | 201808750 | 05/16/2024 | Ej.1 | 11/28/2019 | Books |